000 00300nam a22001217a 4500
005 20250910092934.0
008 250910b |||||||| |||| 00| 0 eng d
100 _aMILLS DICK
245 _aTHE SPIRIT-FILLED BELIEVER'S
260 _aTULSA
_bHARRISON HOUSE
_cc1995
300 _a366p
942 _2lcc
_cBK
_n0
999 _c7498
_d7498